[Event "Prague op-B 08th"]
[Site "Prague"]
[Date "2009.01.12"]
[Round "4"]
[White "Fanta, Jiri"]
[Black "Siegmund, Rainer"]
[Result "0-1"]
[WhiteElo "1887"]
[BlackElo "2145"]
[PlyCount "86"]
[EventDate "2009.01.09"]
[EventType "swiss"]
[EventRounds "9"]
[EventCountry "CZE"]
[SourceTitle "EXT 2010"]
[Source "ChessBase"]
[SourceDate "2010.11.25"]
[SourceVersion "1"]
[SourceVersionDate "2010.11.25"]
[SourceQuality "1"]

1. Nf3 c5 2. c4 Nc6 3. g3 g6 4. Bg2 Bg7 5. 0-0 d6 6. d3 e5 7. Bg5 Nge7 8. Nc3 h6 9. Bxe7 Nxe7 10. Rb1 0-0 11. Nd2 Rb8 12. b4 b6 13. b5 Bb7 14. Bxb7 Rxb7 15. e4 f5 16. f3 Kh7 17. Qe2 Ng8 18. Nd5 Nf6 19. Nxf6+ Bxf6 20. Rbd1 Rbf7 21. a4 Qd7 22. Kg2 Bg5 23. Nb1 h5 24. h4 Bh6 25. Nc3 f4 26. gxf4 Rxf4 27. Nd5 Rxh4 28. Rh1 Rxh1 29. Rxh1 Qd8 30. Rh3 Bf4 31. Kh1 Kh6 32. Nxf4 Rxf4 33. Qh2 Qg5 34. Qg2 Rh4 35. Rxh4 Qxh4+ 36. Kg1 Qg5 37. Kh2 Qxg2+ 38. Kxg2 Kg5 39. Kg3 h4+ 40. Kh3 Kf4 41. Kxh4 Kxf3 42. Kg5 Ke3 43. Kxg6 Kxd3 0-1